| 000 | 00522nam a2200193 a 4500 | ||
|---|---|---|---|
| 001 | BRCA_7377 | ||
| 005 | 20190320205819.0 | ||
| 008 | 090313s1930----mx-#######---#000-0#spa-# | ||
| 041 | _aspa | ||
| 044 | _amx | ||
| 050 | 4 |
_aHG5162 _b.E88 1930 |
|
| 245 | 1 | 0 | _aEstatutos aprobados en la asamblea general de accionistas celebrada el día 9 de marzo de 1907 ... |
| 260 |
_aMéxico _bImp. Varona _c1930 |
||
| 300 | _a36 p. | ||
| 500 | _aQ79 | ||
| 650 | 1 | 4 |
_aBolsa de valores _zMéxico _911442 |
| 902 | _aGFM | ||
| 942 |
_2lcc _cB |
||
| 999 |
_c7053 _d7053 |
||